00840nam a2200241 a 450000100060000000300080000600500170001400800410003103500190007204000270009104100080011808200220012610000560014824500560020426000450026030000210030550000200032665000310034665000470037794200120042499900170043695201450045363564BD-RjUL20211209081218.0170131r19671933nyu 001 0 eng  a(BD-RjUL)63693 aDLCcDLCdBD-RjULbeng aeng00a809223bLEA 19671 aLeavis, F. R.q(Frank Raymond),d1895-1978.918715610aAnna Karenina, and other essays /cby F. R. Leavis. aNew York :bPantheon Books,c1933, c1967 a248 p. ;c22 cm. aIncludes index. 0aEnglish literature9185724 0aLiteraturexHistory and criticism.9186015 2ddccBK c63564d63564 00102ddc40718NFICaRUCLbRUCLcReadingd1970-01-09eSweets & Zeilingerg30.00l0o809 LEA 1967r2017-01-31 00:00:00tC-1w2017-01-31yBK